000 00750nam a2200217Ii 4500
003 JO-AjNU
008 230605s9999||||xx |||||||||||||| ||und||
017 _a2004/4/740
040 _aJO-AjNU
_bara
_erda
_cJO-AjNU
041 _aara
050 1 4 _aDS38.4.U8126 2004
100 3 _aاعداد عبد الرؤوف، محمود بديع,
_eauthor
_917312
245 0 0 _a " 150قصة من قصص علي بن أبي طالب "رضي الله عنه
250 _aط1
264 3 1 _aعمان: دار الاسراء، 2004
300 _a80ص
336 _atext
_btxt
_2rdacontent
337 _aunmediated
_bn
_2rdamedia
338 _avolume
_bnc
_2rdacarrier
650 4 _aالصحابة- التاريخ الاسلامي- السيرة النبوية
_917313
999 _aA5321
_c8889
_d8889